Introduction a l'étude des signaux et phénomènes aléatoires

Uloženo v:
Podrobná bibliografie
Hlavní autor: Picinbono, Bernard (Autor)
Médium: Kniha
Jazyk:francouzština
Vydáno: París Dunod 1971
Vydání:2a. ed
Edice:Dunod Université
Témata:
Tagy: Přidat tag
Žádné tagy, Buďte první, kdo vytvoří štítek k tomuto záznamu!

MARC

LEADER 00000nam a2200000 a 4500
001 UCP0835
003 CL-VaPUC
008 990319e19710000FR |||||||||||||||||fre|d
082 0 4 |a 519.2  |b PIC  |2 21 
100 0 |a Picinbono, Bernard  |e author  |9 426426 
245 1 0 |a Introduction a l'étude des signaux et phénomènes aléatoires 
250 |a 2a. ed 
300 |a 86 p 
942 |c BK 
945 |d 19990319 00:00:00  |a crobeson 
260 |a París  |b Dunod  |c 1971 
650 0 |a Teoría de probabilidades   |9 336944 
650 0 |a Procesos estocásticos   |9 260364 
650 7 |a PROCESOS ALEATORIOS  |2 CL-VaPUC  |9 426427 
650 0 |a Análisis armónico  |9 269929 
583 |a last modification  |c 19990319 00:00:00  |k Rodrigo Vera 
490 0 |a Dunod Université 
999 |c 279577  |d 279575 
952 |0 0  |1 0  |4 0  |6 519_200000000000000_PIC_1971  |7 0  |8 A  |9 319149  |a BIBGIM  |b BIBGIM  |d 2019-11-20  |i 1330977  |o 519.2 PIC 1971  |p 1330977  |r 2025-01-15  |w 2019-11-20  |y BK  |k EST